1505 1620 1726 1643 1027 1087 1049 1904 1176 1886 1129 1751 1021 1490 1528 1027 1115 1091 1253 1612 1098 1792 1022 1068 1655 1671 1887 1874 1508 1842 1807 1069 1517 1763 1896 1050 1074 1141 1537 1294 1163 1977 1386 1959 1212 1930 1669 1941 1159 1956 1078 1048 1849 1248 1399 1577 1507 1613 1403 1788 1372 1634 1716 1226 1278 1931 1189 1510 1168 1423 1301 1130 1554 1703 1315 1573 1208 1728 1782 1800 1136 1417 1709 1363 1686 1444 1787 1795 1317 1297 1988 1319 1077 1119 1001 1920 1649 1464 1264 BCNSPRNW ULIB Ver.6.0+V

เปลี่ยนเป็นภาษาไทย

Change to English
 แสดงรายละเอียดบรรณานุกรม
  กลับหน้าหลัก

Brief Record : Get Marc (ISO 2709) : E-mail record : QR code < ปิดหน้าต่าง
LEADER : 00000nam 2200000uu 4500
001    13399108640
003     ULIB
008    110310s2545||||th 000 0 tha d
020    9745865796
060  4 QY450^bพ157ก 2545
100 0  พงษ์ธารา วิจิตรเวชไพศาล
245 10 การวิเคราะห์ก๊าซในเลือด & interactive multimedia CD-ROM /^cพงษ์ธารา วิจิตรเวชไพศาล
250    พิมพ์ครั้งที่ 3
260    กรุงเทพฯ :^bงานตำราวารสารและสิ่งพิมพ์สถานเทคโนโลยีการศึกษาแพทยศาสตร์ คณะแพทยศาสตร์ศิริราชพยาบาลมหาวิทยาลัยมหิดล,^c2545
300    xix, 351 หน้า :^bภาพประกอบ ;^c22 ซม. +^eซีดี- รอม 1 แผ่น
440  0 งานตำราวารสารและสิ่งพิมพ์ ;^vรายการที่ 13 (1-2545)
650  7 ก๊าซในเลือด, การวิเคราะห์
653    ผลงานอาจารย์คณะแพทยศาสตร์ศิริราชพยาบาล
710 2  มหาวิทยาลัยมหิดล. ^bคณะแพทยศาสตร์ศิริราชพยาบาล.^bภาควิชาวิสัญญีวิทยา
710 2  มหาวิทยาลัยมหิดล. ^bคณะแพทยศาสตร์ศิริราชพยาบาล.^bสถานเทคโนโลยีการศึกษาแพทยศาสตร์
945    ^p320^l0^i014692
945    ^p320^l0^i014691
995    ทศพร
999 ^a ใช้งานได้ทุกระบบ
รายการนี้ยังไม่มีแท็ก
คุณยังไม่ได้ล็อกอิน คุณสามารถมีกิจกรรมร่วมกับเว็บไซต์ได้ แต่ต้องล็อกอินก่อน ::
  ล็อกอิน

รายการสื่อสารสนเทศ

ลำดับที่ ประเภท เลขเรียก/บาร์โค้ด สถานที่ สถานะ
- ไม่พบข้อมูล -

รายการใกล้เคียง
    ผู้แต่ง [พงษ์ธารา วิจิตรเวชไพศาล]

    หัวเรื่อง [ก๊าซในเลือด, การวิเคราะห์]

BibComment


ยังไม่เคยถูกคอมเมนท์

คอมเมนท์ทรัพยากรรายการนี้
  คอมเมนท์: การวิเคราะห์ก๊าซใ..


 Copyright 2026. Bcnsprnw @Library